00605 2200217 4500001002100000005001700021008004100038020001800079035002500097082000800122090001500130100001800145245006600163260004200229300002800271650002000299700001800319850001200337990001900349990001900368YOGYA-0209000005062320150316094856.0 ind  a979-22-0030-4 a0010-020900000050623 a813 a813bGun M aGUNAWAN, Rudy aMata yang MalascF.X. Rudi Gunawan ; ilustrator, Hari Budiono aJakartabGramedia Pustaka Utamac2000 a210 hlm.bilus.c21 cm. aFiksi Indonesia aBUDIONO, Hari aYOPDYOG a2084-BPAD/P.03 a2085-BPAD/P.03